ბათუმის შოთა რუსთაველის სახელმწიფო უნივერსიტეტის ბიბლიოთეკა

მეთოდური მითითებები სოკოვან ფიტოპათოგენთა გამოყოფა-იდენტიფიკაციაზე / (ბიბ.ჩანაწერი № 63010)

000 -ლიდერი
ფიქსირებული სიგრძის საკონტროლო ველი 01349nam a22001937a 4500
003 - საკონტროლო ნომრის იდენტიფიკატორი
საკონტროლო ველი Ge_BSU
005 - ბოლო ოპერაციის თარიღი და დრო
საკონტროლო ველი 20250502160119.0
008 - ფიქსირებული სიგრძის მონაცემთა ელემენტები - ზოგადი ინფორმაცია
ფიქსირებული სიგრძის საკონტროლო ველი 250502s2015 ge ||||| |||| 00| 0 geo d
041 ## - ენის კოდი
Language code of text/sound track or separate title geo
080 ## - უნივერსალური ათობითი კლასიფიკაციის ინდექსი
Universal Decimal Classification number 634.8(076.5) მ-50
245 ## - ცნობა სათაურის შესახებ
Title მეთოდური მითითებები სოკოვან ფიტოპათოგენთა გამოყოფა-იდენტიფიკაციაზე /
Statement of responsibility, etc რედ. ქ. ნაცარიშვილი; სსიპ-ბათუმის შ. რუსთაველის სახელმწიფო უნ-ტი. ფიტოპათოლოგიის და ბიომრავალფეროვნების ინსტიტუტი.
264 ## - წარმოების, გამოცემის, დისტრიბუციის და სხვა ცნობები
გამოცემის, წარმოების, დისტრიბუციის... ადგილი ქობულეთი,
გამოცემის, წარმოების, დისტრიბუციის... თარიღი 2015.
300 ## - ფიზიკური აღწერა
Extent 36 გვ. :
Other physical details ილ.;
Dimensions 20 სმ.
504 ## - BIBLIOGRAPHY, ETC. NOTE
Bibliography, etc ბიბლიოგრ. გვ. 36
653 ## - INDEX TERM--UNCONTROLLED
Uncontrolled term მცენარეთა გამოკვლევა
700 ## - ADDED ENTRY--PERSONAL NAME
Personal name ნაცარიშვილი, ქ.
Relator term რედაქტორი
9 (RLIN) 25000
710 ## - ADDED ENTRY--CORPORATE NAME
Corporate name or jurisdiction name as entry element სსიპ-ბათუმის შ. რუსთაველის სახელმწიფო უნ-ტი.
Subordinate unit ფიტოპათოლოგიის და ბიომრავალფეროვნების ინსტიტუტი.
9 (RLIN) 25001
942 ## - ADDED ENTRY ELEMENTS (KOHA)
Source of classification or shelving scheme
Koha item type წიგნი
ეგზემპლარები
ჩამოწერის სტატუსი დაკარგული ეგზემპლარის სტატუსი კლასიფიკაციის წყარო ან თაროზე გაწყობის სქემა დაზიანების სტატუსი არ გაიცემა მუდმივი მდებარეობა (დაცვის ადგილი) ამჟამინდელი ადგილსამყოფელი თაროზე განთავსების ადგილი შეძენის თარიღი ღირებულება, შესყიდვის ნორმალური ფასი სრული შენახვის შიფრი შტრიხკოდი ბოლო ოპერაციის თარიღი ეგზემპლარის მიმდევრობითი ნომერი (კეტერი?) Uniform Resource Identifier ფასის ძალაში შესვლის თარიღი ეგზემპლარის სახეობა საჯარო შენიშვნა
          აგრარული და მემბრანული ტექნოლოგიების ინსტიტუტის ბიბლიოთეკა აგრარული და მემბრანული ტექნოლოგიების ინსტიტუტის ბიბლიოთეკა წიგნსაცავი 2025-05-02 5.00 634.8(076.5) მ-50 71308 2025-05-02 71308 ნაჩუქარი 2025-05-02 წიგნი 5